Chanson - Complétez Ne me quitte pas de J. Brel - Statistiques

Statistiques générales
  • Ce quiz a été pris 176 fois
  • Le résultat moyen est 48 sur 58
Statistiques - réponses
Hint Réponse % Correct
Ne me (...) pas q quitte
100%
il faut (...) o oublier
98%
(...) le temps o oublier
98%
(...) peut s'oublier t Tout
97%
et le (...) perdu t temps
95%
jusqu'après ma (...) m mort
94%
(...) de n'avoir pas m mort
94%
où tu seras (...) r reine
93%
où l'amour sera (...) r roi
93%
où l'amour sera (...) l loi
92%
d'(...) et de lumière o or
92%
où il ne (...) pas p pleut
92%
je creuserai la (...) t terre
92%
pour (...) ton corps c couvrir
90%
venues de (...) p pays
90%
des (...) de pluie p perles
90%
le rouge et le (...) n noir
88%
Ne me quitte pas Ne me quitte pas Ne me quitte pas Ne me quitte pas Moi, je t'(...) o offrirai
88%
je ferai un (domaine) d domaine
86%
des (...) m malentendus
86%
qu'on croyait trop (...) v vieux
86%
d'un ancien (...) v volcan
86%
l'(...) de ton ombre o ombre
85%
oublier ces (...) h heures
84%
à te (...) r regarder
83%
des (...) brûlées t terres
83%
donnant plus de (...) b blé
82%
Je ne vais plus (...) p parler
82%
a coups de (...) p pourquoi
82%
et quand vient le (...) s soir
82%
et à t'(...) é ecouter
81%
de ces (...) là a amants
80%
a savoir (...) c comment
80%
l'ombre de ta (...) m main
80%
il est, (...)-il p parait
80%
le (...) du bonheur c coeur
79%
l'(...) de ce roi h histoire
79%
je te (...) p parlerai
79%
pu te (...) r rencontrer
79%
Ne me quitte pas Ne me quitte pas Ne me quitte pas Ne me quitte pas Ne me quitte pas Je t'(...) i inventerai
78%
je te (...) r raconterai
78%
Ne me quitte pas Ne me quitte pas Ne me quitte pas Ne me quitte pas On a vu (...) s souvent
78%
l'ombre de ton (...) c chien
77%
que tu (...) c comprendras
76%
qui s'(...) déjà e enfuit
76%
danser et (...) s sourire
76%
qui ont vu (...) fois d deux
75%
pour qu'un ciel (...) f flamboie
75%
qu'un meilleur (...) a avril
73%
(...) le feu r rejaillir
73%
ne s'(...)-ils pas ? é épousent
71%
Ne me quitte pas Ne me quitte pas Ne me quitte pas Ne me quitte pas Ne me quitte pas Je ne vais plus (...) P pleurer
71%
chanter et puis (...) r rire
71%
Des mots (...) i insensés
69%
je me (...) là c cacherai
67%
leurs coeurs s'(...) e embraser
65%
qui (...) parfois t tuaient
65%
(...) Ne me quitte pas Ne me quitte pas Ne me quitte pas Ne me quitte pas m mais
60%
Aucun quiz correspondant
Distribution des résultats
% des personnes avec chaque résultat
Percentile par nombre de réponses
Votre historique - résultats
Vous n’avez pas pris ce quiz